¿Cómo son los virus? /

Principales tipos, y ejemplos de los virus más comunes. Características de los microorganismos. Controversia sobre su ubicación en la clasificación biológica. Prevención, y conceptos básicos sobre vacunas.

Guardado en:
Autor Principal: Chiesa, Mariano
Autor Corporativo: Canal Encuentro.
Formato: Deslizar
Publicado: Argentina, 2011
Series:Horizontes. Ciencias Naturales
Materias:
Acceso en línea:https://www.educ.ar/recursos/50713/como-son-los-virus
Etiquetas: Agregar Etiqueta
Sin Etiquetas, Sea el primero en etiquetar este registro!
LEADER 01178ngm a22003375g 4500
001 CEM.cems023655
008 130507s2011##################0###0#####d
005 20250619143901.0
245 1 0 |a ¿Cómo son los virus? /  |c Mariano Chiesa. 
260 |a Argentina,  |c 2011 
300 |a 26'. 
490 0 |a Horizontes. Ciencias Naturales 
520 |a Principales tipos, y ejemplos de los virus más comunes. Características de los microorganismos. Controversia sobre su ubicación en la clasificación biológica. Prevención, y conceptos básicos sobre vacunas. 
500 |a Consultar en ventanilla. 
538 |a Soporte: DVD - Color: Si - Grabación DRD 
100 1 |a Chiesa, Mariano 
710 2 |a Canal Encuentro. 
082 5 0 |/ CHI-2 
653 |a CIENCIAS NATURALES 
653 |a VIRUS 
653 |a VACUNAS 
653 |a ANTICUERPOS 
653 |a ENFERMEDADES 
653 |a BIOLOGIA 
653 |a MICROORGANISMOS 
653 |a VACUNACION 
653 |a SALUD 
653 |a MEDICINA 
653 |a SERIE DE TELEVISIÓN 
856 |u https://www.educ.ar/recursos/50713/como-son-los-virus 
859 |a CEMS  |b BIB. CEMS - Depto. Recursos Didacticos  |h 500  |i CHI-2  |k DRD  |p 2298.15  |t Ej.1